[Event "IM"]
[Site "Evry FRA"]
[Date "2003.04.15"]
[Round "6"]
[White "Amigues,E"]
[Black "Simon,O"]
[Result "1-0"]
[WhiteElo "2275"]
[BlackElo "2293"]

1.d4 Nf6 2.Nf3 g6 3.c4 Bg7 4.Nc3 O-O 5.e4 d6 6.Be2 e5 7.Be3 exd4 8.Nxd4 Re8
9.f3 c6 10.Qd2 d5 11.exd5 cxd5 12.O-O Nc6 13.c5 Nh5 14.Bf2 Be5 15.g3 Ng7
16.Rfd1 Ne6 17.Nxe6 Bxe6 18.f4 Bxc3 19.Qxc3 Bf5 20.Bf3 Be4 21.Rd2 Qe7 22.Re1 Rad8
23.b4 a6 24.a4 a5 25.b5 Nb4 26.Bd4 Rc8 27.Bg4 Rc7 28.Rc1 f5 29.Bd1 Qe6 30.Bb3 Rcc8
31.Qe3 Qe7 32.Bb2 h6 33.Qd4 Kh7 34.h4 Bf3 35.Kh2 g5 36.Rf1 g4 37.Rc1 Qf7
38.Bd1 Re4 39.Qf2 Bxd1 40.Rcxd1 Rce8 41.Be5 Rc8 42.Bc3 Qe7 43.Bd4 Nd3 44.Rxd3 Re2
45.Kg1 Rxf2 46.Kxf2 Qe4 47.R1d2 Qh1 48.Re2 Rc7 49.h5 Qxh5 50.Kg1 Qf7 51.Rde3 Kg6
52.Re6+ Kh7 53.b6 Rd7 54.Re8 Kg6 55.R2e6+ Kh5 56.Kf1 Rd8 57.R8e7 Qf8 58.Bg7  1-0

[Event "IM"]
[Site "Evry FRA"]
[Date "2003.04.15"]
[Round "6"]
[White "Justo,D"]
[Black "Sanchez,Lo"]
[Result "1-0"]
[WhiteElo "2266"]
[BlackElo "2238"]

1.d4 Nf6 2.c4 g6 3.Nc3 Bg7 4.e4 d6 5.Nf3 O-O 6.Be2 e5 7.dxe5 dxe5 8.Qxd8 Rxd8
9.Bg5 Re8 10.Nd5 Nxd5 11.cxd5 c6 12.Bc4 b5 13.Bb3 Bb7 14.Rc1 a5 15.a4 Rc8
16.dxc6 Rxc6 17.O-O bxa4 18.Bd5 Rxc1 19.Rxc1 Bxd5 20.Rc8+ Bf8 21.exd5 Kg7
22.Bh6+ Kxh6 23.Rxf8 Kg7 24.Rc8 f6 25.Nd2 Kf7 26.Nc4 Ra7 27.Rxb8 Rc7 28.Rb7  1-0

[Event "ch-FAI"]
[Site "Torshavn FAI"]
[Date "2003.04.15"]
[Round "5"]
[White "Olsen,H"]
[Black "Gullaksen,E"]
[Result "0-1"]
[WhiteElo "2278"]
[BlackElo "2354"]

1.Nf3 Nf6 2.c4 g6 3.Nc3 Bg7 4.e4 d6 5.d4 O-O 6.Be2 e5 7.O-O Nh5 8.g3 Bg4
9.Bg5 f6 10.Be3 Nd7 11.Re1 Kh8 12.Nh4 Bxe2 13.Qxe2 f5 14.dxe5 f4 15.e6 fxe3
16.Qxe3 Nc5 17.e5 Nxe6 18.exd6 Nd4 19.dxc7 Qxc7 20.Rad1 Qxc4 21.Ne4 Rae8
22.b3 Qb4 23.Qd3 Qb5 24.Qxb5 Nxb5 25.Nc5 Rxe1+ 26.Rxe1 Bd4 27.Nd3 Kg7 28.a4 Nc3
29.Re6 Kf7 30.Re1 Re8  0-1

[Event "ch-FAI"]
[Site "Torshavn FAI"]
[Date "2003.04.16"]
[Round "7"]
[White "Olsen,H"]
[Black "Thomsen,T"]
[Result "1/2-1/2"]
[WhiteElo "2278"]
[BlackElo "2212"]

1.Nf3 Nf6 2.c4 g6 3.Nc3 Bg7 4.e4 d6 5.d4 O-O 6.Be2 e5 7.d5 Nh5 8.g3 Nf6 9.h4 h5
10.Bg5 Bg4 11.Qd2 Na6 12.Ng1 Bxe2 13.Ngxe2 Qd7 14.f3  1/2-1/2

[Event "7th Neckar Open"]
[Site "Deizisau GER"]
[Date "2003.04.18"]
[Round "3"]
[White "Nisipeanu,LD"]
[Black "Solonar,S"]
[Result "1-0"]
[WhiteElo "2606"]
[BlackElo "2398"]

1.Nf3 Nf6 2.c4 d6 3.d4 g6 4.Nc3 Nbd7 5.e4 e5 6.Be2 Bg7 7.O-O O-O 8.Re1 exd4
9.Nxd4 Re8 10.Bf1 Ng4 11.h3 Nge5 12.Be3 Nc5 13.Rc1 Ned7 14.f3 Nf6 15.Qd2 Nh5
16.Bf2 Be5 17.Nde2 g5 18.Nd5 a5 19.Ne3 Qf6 20.b3 Nf4 21.Ng3 h5 22.h4 gxh4
23.Ngf5 Bxf5 24.Nxf5 Qg5 25.Kh1 Kh8 26.Bxh4 Qg6 27.g3 Nfe6 28.Bh3 Bf6 29.Bxf6+ Qxf6
30.Rcd1 Ng5 31.Kg2 Nxh3 32.Kxh3 Kh7 33.Kg2 Rh8 34.Rh1 Kg6 35.Rh4 Rh7 36.Rdh1 Qg5
37.Qb2 Rg8 38.f4 Qf6 39.Qe2 Rgh8 40.Rg4+  1-0

[Event "11th Open"]
[Site "Tarbes FRA"]
[Date "2003.04.19"]
[Round "3"]
[White "Chassy,P"]
[Black "Juglard,E"]
[Result "0-1"]
[WhiteElo "2121"]
[BlackElo "2186"]

1.Nf3 Nf6 2.c4 g6 3.Nc3 Bg7 4.e4 d6 5.d4 O-O 6.Be2 e5 7.O-O Nbd7 8.Be3 Ng4
9.Bg5 Qe8 10.Nd5 f6 11.Nxc7 Qd8 12.Ne6 Qe7 13.Nxf8 Nxf8 14.Bd2 f5 15.dxe5 fxe4
16.Ne1 Qh4 17.Bf4 Nxe5 18.Bg3 Qf6 19.Nc2 Be6 20.Ne3 Nf7 21.Rb1 Rc8 22.Nd5 Qd8
23.b3 Ne5 24.Ne3 h5 25.h3 h4 26.Bh2 Qg5 27.Kh1 Rc6 28.Ng4 Nfd7 29.Qc1 Qe7
30.Qe3 Nxg4 31.Bxg4 Bxg4 32.hxg4 Nf6 33.Rbe1 Nxg4 34.Qxe4 Qg5 35.Bf4 Qh5
36.Qd5+ Qxd5 37.cxd5 Rc2 38.Bxd6 Nxf2+ 39.Rxf2 Rxf2 40.Rd1 Rxa2 41.Be7 Kf7
42.Bxh4 Ke8 43.Re1+ Kf8 44.Kh2 Rd2 45.d6 Bc3 46.Be7+ Kg7 47.Re3 Bb2 48.Rf3 Be5+
49.Kh3 Bxd6 50.Bf6+ Kg8 51.Bc3 Rd5 52.Kg4 Be5 53.Bxe5 Rxe5 54.Rc3 Rb5 55.g3 Kg7
56.Kf4  0-1

[Event "5th Open"]
[Site "Dubai UAE"]
[Date "2003.04.20"]
[Round "1"]
[White "Asylguzhin,R"]
[Black "Kuzmin,A"]
[Result "0-1"]
[WhiteElo "2260"]
[BlackElo "2576"]

1.d4 Nf6 2.c4 g6 3.Nc3 Bg7 4.e4 d6 5.Be2 O-O 6.Nf3 e5 7.dxe5 dxe5 8.Qxd8 Rxd8
9.Bg5 Nbd7 10.Rd1 Rf8 11.Nb5 c6 12.Nd6 Nc5 13.Nxc8 Raxc8 14.Bxf6 Bxf6 15.Bd3 Bg7
16.b4 Nxd3+ 17.Rxd3 f5 18.Rd7 Rf7 19.Rxf7 Kxf7 20.Ke2 Bf6 21.Rd1 Ke6 22.Ke3 Be7
23.Rb1 b5 24.c5 a5 25.a3 Ra8 26.Rb3 axb4 27.axb4 Ra2 28.exf5+ gxf5 29.g3 Ra4
30.Ke2 Bf6 31.Ke3 e4 32.Nd4+ Bxd4+ 33.Kxd4 Ra2 34.Ke3 Kd5  0-1

[Event "41st Doeberl Cup"]
[Site "Canberra AUS"]
[Date "2003.04.21"]
[Round "6"]
[White "Rogers,I"]
[Black "Lane,G"]
[Result "1-0"]
[WhiteElo "2553"]
[BlackElo "2399"]

1.d4 Nf6 2.c4 g6 3.Nc3 Bg7 4.e4 d6 5.Nf3 O-O 6.Be2 e5 7.O-O Na6 8.d5 Nc5
9.Qc2 a5 10.Bg5 h6 11.Be3 b6 12.Nd2 Bg4 13.f3 Bd7 14.Rfb1 Nh5 15.Bf1 f5 16.b3 Nf6
17.a3 fxe4 18.Ndxe4 Ncxe4 19.Nxe4 Nxe4 20.fxe4 Qh4 21.b4 axb4 22.axb4 Bf6
23.g3 Qh5 24.Be2 Qh3 25.Qd2 g5 26.Qd1 Be7 27.Rc1 Kg7 28.c5 bxc5 29.bxc5 Kg6
30.c6 Rxa1 31.Rxa1 Bc8 32.Ra7 Bd8 33.Bf1 Qg4 34.Qxg4 Bxg4 35.Bd2 Kf7 36.Kf2 Ke8+
37.Ke1 Bf3 38.Bd3 Rf7 39.Ra4 Ke7 40.Be2 Bg2 41.h4 gxh4 42.gxh4 Rh7 43.Kf2 Bh3
44.Kg3 Bc8 45.Kh2 Rf7 46.Be3 Rg7 47.Bxh6 Rg6 48.Bg5+ Ke8 49.Bh5  1-0

[Event "Commonwealth Ch"]
[Site "Mumbai IND"]
[Date "2003.04.21"]
[Round "2"]
[White "Laxman,R"]
[Black "Thipsay,P"]
[Result "1-0"]
[WhiteElo "2321"]
[BlackElo "2463"]

1.d4 Nf6 2.c4 g6 3.Nc3 Bg7 4.e4 d6 5.Nf3 O-O 6.Be2 Nbd7 7.O-O e5 8.Be3 h6
9.dxe5 dxe5 10.Nd2 b6 11.b4 Nh7 12.Nd5 c6 13.Nc3 Ng5 14.c5 Ne6 15.Nb3 Qe7
16.Na4 Rd8 17.Qc1 Nf4 18.Re1 Rb8 19.Bf1 bxc5 20.bxc5 Nf6 21.f3 Be6 22.Na5 Qc7
23.Qc3 Nd7 24.Rad1 Nf8 25.Rxd8 Rxd8 26.Rb1 Qc8 27.Nb7 Bxa2 28.Rb2 Rd1 29.Qc2 Ra1
30.Bc1 Be6 31.Nc3 Qc7 32.g3 Nh3+ 33.Kg2 Nd7 34.Nd1 Bf8 35.Be3 Ng5 36.Be2 Nh7
37.Nf2 h5 38.Bc4 Bxc4 39.Qxc4 Nhf6 40.Qb4 Ne8 41.Nh3 Ndf6 42.Rd2 Nh7 43.Qb2 Ra4
44.Qb3 Ra6 45.Rd8 Ng7 46.Ra8 Ne6 47.Nd6 Nd4 48.Qc4 Ra3 49.Bxd4 exd4 50.e5 Rc3
51.Qxd4 Rc2+ 52.Nf2 Ng5 53.f4 Ne6 54.Qd3 Ra2 55.f5 gxf5 56.Qxf5 Ng7 57.Qg5 Qd7
58.Ne4 Qd5 59.Kh3 Qe6+ 60.g4 Qb3+ 61.Kh4 Rxf2 62.Nf6+ Rxf6 63.exf6  1-0

[Event "Commonwealth Ch"]
[Site "Mumbai IND"]
[Date "2003.04.21"]
[Round "3"]
[White "Soumitra,M"]
[Black "Lahiri,A"]
[Result "0-1"]
[WhiteElo "2142"]
[BlackElo "2337"]

1.d4 Nf6 2.c4 g6 3.Nc3 Bg7 4.e4 d6 5.Nf3 O-O 6.Be2 e5 7.O-O Na6 8.Be3 Ng4
9.Bg5 Qe8 10.h3 h6 11.hxg4 exd4 12.Bxh6 dxc3 13.Bxg7 Kxg7 14.Qd4+ f6 15.Qxc3 Qxe4
16.g5 Nc5 17.Rae1 Qf5 18.gxf6+ Qxf6 19.Qxf6+ Kxf6 20.b4 Ne6 21.Bd3 a5 22.a3 Nf4
23.Bc2 axb4 24.axb4 Ra2 25.Bb1 Rb2 26.g3 Nh3+ 27.Kg2 Rxb4 28.Nh4 Ng5 29.Rh1 Bd7
30.Nxg6 Bc6+ 31.Kf1 Rxb1 32.Rxb1 Kxg6 33.Rh4 Nf3  0-1

[Event "XXI Open"]
[Site "Metz FRA"]
[Date "2003.04.22"]
[Round "4"]
[White "Grandmougin,O"]
[Black "Laurent,B"]
[Result "0-1"]
[WhiteElo "2099"]
[BlackElo "2321"]

1.d4 Nf6 2.c4 g6 3.Nc3 Bg7 4.e4 d6 5.Nf3 O-O 6.Be2 e5 7.O-O Na6 8.Re1 Qe8
9.Bf1 Bg4 10.Be3 Nd7 11.Nb5 Qe7 12.d5 f5 13.Be2 Nf6 14.Ng5 Bxe2 15.Rxe2 f4
16.Bc1 c6 17.Nc3 Nc7 18.Qb3 c5 19.Qxb7 Rfb8 20.Qc6 Rb6 21.Qa4 Rb4 22.Qc2 Rxc4
23.Nf3 Rb4 24.Bd2 Rb7 25.Rc1 Rab8 26.b3 Na6 27.Qd3 Nb4 28.Qc4 Nd7 29.a3 Nb6
30.Qb5 a6 31.Qa5 Nd3 32.Rb1 c4 33.b4 g5 34.h3 h5 35.Nh2 Bf6 36.a4 Ra8 37.b5 Nd7
38.bxa6 Rxb1+ 39.Nxb1 N7c5 40.Qc3 Rxa6 41.a5 Qb7 42.Na3 Qb3 43.Nxc4 Qd1+
44.Re1 Nxe1 45.Bxe1 Qb3 46.Qxb3 Nxb3 47.Bb4 Bd8 48.Bxd6 Nxa5 49.Nxa5 Bxa5
50.Bxe5 Bb6 51.Nf3 g4 52.hxg4 hxg4 53.Nd2 g3 54.Kf1 gxf2 55.d6 Kf7 56.Nb3 Ra3
57.Nc1 Re3  0-1

[Event "Commonwealth Ch"]
[Site "Mumbai IND"]
[Date "2003.04.22"]
[Round "4"]
[White "Islam,Kh"]
[Black "Ramu,K"]
[Result "1-0"]
[WhiteElo "2344"]
[BlackElo "2171"]

1.d4 Nf6 2.c4 g6 3.Nc3 Bg7 4.e4 d6 5.Nf3 O-O 6.Be2 e5 7.d5 a5 8.Bg5 Na6 9.Nd2 Qe8
10.O-O Kh8 11.a3 Bd7 12.b3 Ng8 13.Rb1 Nc5 14.Qc2 Ne7 15.b4 axb4 16.axb4 Na6
17.c5 f6 18.Be3 f5 19.f3 fxe4 20.fxe4 Rxf1+ 21.Bxf1 Qf8 22.Nc4 Nc8 23.Qa2 b5
24.cxb6 cxb6 25.Bxb6 Nc7 26.Qf2 Nb5 27.Nxb5 Bxb5 28.Qxf8+ Bxf8 29.Ba5 Rb8
30.Rc1 Bh6 31.Rc3 Rb7 32.Nxe5 dxe5 33.Rxc8+ Kg7 34.Bxb5 Rxb5 35.d6  1-0

[Event "5th Open"]
[Site "Dubai UAE"]
[Date "2003.04.23"]
[Round "4"]
[White "Izoria,Z"]
[Black "Jasim,A"]
[Result "1/2-1/2"]
[WhiteElo "2569"]
[BlackElo "2300"]

1.d4 g6 2.c4 Bg7 3.Nf3 d6 4.Nc3 Nf6 5.e4 O-O 6.Be2 Nbd7 7.O-O e5 8.Be3 h6
9.d5 Ng4 10.Bd2 f5 11.g3 fxe4 12.Nh4 g5 13.Ng6 Nxf2 14.Qc2 Rf6 15.Bh5 Nf8
16.Rxf2 Rxf2 17.Kxf2 Nxg6 18.Kg1 Ne7 19.g4 c6 20.Rf1 cxd5 21.cxd5 Qb6+ 22.Kg2 e3  1/2-1/2

[Event "XXI Open"]
[Site "Metz FRA"]
[Date "2003.04.23"]
[Round "5"]
[White "Kohlweyer,B"]
[Black "Lanneau,B"]
[Result "1/2-1/2"]
[WhiteElo "2454"]
[BlackElo "2172"]

1.d4 d6 2.Nf3 g6 3.c4 Bg7 4.Nc3 Nf6 5.e4 O-O 6.Be2 e5 7.d5 a5 8.Nd2 Na6 9.h4 Nc5
10.h5 Nxh5 11.Bxh5 Nd3+ 12.Kf1 gxh5 13.Qxh5 h6 14.Nf3 Nxc1 15.Rxc1 f5 16.Nh4 Qf6
17.Nxf5 Bxf5 18.Qxf5 Qxf5 19.exf5 Rxf5 20.Ne4 b6 21.Ke2 Rf4 22.f3 Kf7 23.Rh3 Rg8
24.Rch1 Bf8 25.R1h2 Rg6 26.b3 Kg7 27.Kd3 Be7 28.Rh5 Rf7 29.Ke2 Rf8 30.Kf2 Rf7
31.Rh1 Rf8 32.g3 Rf7 33.Ke2 Rf8 34.Ke3 Re8 35.Rf5 Rf8 36.Rxf8 Bxf8 37.a3 Kf7
38.b4 axb4 39.axb4 Be7 40.Kd3 Ke8 41.Rh3 Kf7 42.Nf2 Rg8 43.Ng4 Bf8 44.Ke4 Kg6
45.Rh2 Bg7 46.Ra2 Rf8 47.Ra7 Rf7 48.Ra8 h5 49.Nf2 h4 50.gxh4 Rf4+ 51.Ke3 Rxc4
52.Ne4 Rxb4 53.Rc8 Rc4 54.Kd3 Rd4+ 55.Kc2 Rxd5 56.Rxc7 b5 57.Nc3 Rc5 58.Rxc5 dxc5
59.Nxb5 Bf6 60.Kd3 Bxh4 61.Ke4 Bg3 62.Nc3 Kf6 63.Na4 Bf2 64.Nxc5 Bxc5 65.f4 exf4
66.Kxf4  1/2-1/2

[Event "Commonwealth Ch"]
[Site "Mumbai IND"]
[Date "2003.04.23"]
[Round "5"]
[White "Pogorelov,R"]
[Black "Rohit,G"]
[Result "1-0"]
[WhiteElo "2489"]
[BlackElo "2357"]

1.Nf3 Nf6 2.c4 g6 3.Nc3 Bg7 4.e4 d6 5.d4 O-O 6.Be2 e5 7.O-O Na6 8.Be3 Ng4
9.Bg5 Qe8 10.dxe5 dxe5 11.h3 h6 12.Bd2 Nf6 13.Be3 Qe7 14.a3 c6 15.b4 Nh5
16.c5 Rd8 17.Qc1 Nf4 18.Bxf4 exf4 19.e5 g5 20.Bxa6 bxa6 21.Ne4 Be6 22.Qc3 Bd5
23.Nf6+ Kh8 24.Rfe1 Bxf3 25.gxf3 Qe6 26.Kg2 Qf5 27.Rad1 Rxd1 28.Rxd1 Bxf6
29.exf6 h5 30.Qc4 Qxf6 31.Rd6 Qg7 32.Rxc6 Re8 33.Rd6 f6 34.Qd4 Rf8 35.Rd8 g4
36.hxg4 hxg4 37.Rxf8+ Qxf8 38.fxg4 Qe8 39.Qd1  1-0

[Event "Commonwealth Ch"]
[Site "Mumbai IND"]
[Date "2003.04.23"]
[Round "6"]
[White "Islam,Kh"]
[Black "Thipsay,P"]
[Result "0-1"]
[WhiteElo "2344"]
[BlackElo "2463"]

1.d4 Nf6 2.c4 g6 3.Nc3 Bg7 4.e4 d6 5.Nf3 O-O 6.Be2 Na6 7.O-O e5 8.Be3 Ng4
9.Bg5 Qe8 10.dxe5 dxe5 11.h3 h6 12.Bd2 Nf6 13.Be3 Qe7 14.Nd5 Qd8 15.Qc1 Kh7
16.Rd1 Nxe4 17.Nb6 axb6 18.Rxd8 Rxd8 19.Nd2 Nec5 20.a3 Ne6 21.b4 f5 22.Nb3 c5
23.Bd2 Nd4 24.Bd1 Be6 25.Rb1 cxb4 26.axb4 Rac8 27.Nxd4 Rxd4 28.Bb3 Bxc4 29.Be3 Be6
30.Qe1 Rd6 31.Bxe6 Rxe6 32.Qd1 Rc7 33.Qd5 Rce7 34.b5 Nc5 35.Bxc5 bxc5 36.Qxc5 e4
37.Rd1 f4 38.Rd6 Re5 39.Rd5 e3 40.fxe3 fxe3 41.Kf1 e2+ 42.Ke1 Re4 43.Rd3 R7e5
44.Qc7 Rxb5 45.Qc2 Re7 46.Rg3 Rf5 47.Rf3 Ra5  0-1

[Event "Commonwealth Ch"]
[Site "Mumbai IND"]
[Date "2003.04.24"]
[Round "7"]
[White "Rahman,Zia"]
[Black "Konguvel,P"]
[Result "1-0"]
[WhiteElo "2543"]
[BlackElo "2331"]

1.Nf3 Nf6 2.c4 g6 3.Nc3 Bg7 4.e4 d6 5.d4 O-O 6.Be2 e5 7.d5 a5 8.Bg5 h6 9.Bh4 Na6
10.Nd2 Qe8 11.Bxf6 Bxf6 12.h4 Qe7 13.h5 Kg7 14.Bg4 Nc5 15.Rh3 Bg5 16.Bxc8 Raxc8
17.Nf3 Bf4 18.Qe2 c6 19.Kf1 Ra8 20.g3 Bg5 21.Kg2 Rh8 22.Ne1 Nd7 23.Nd3 Rae8
24.Re1 Qf8 25.Qd1 Bd8 26.Qb3 Re7 27.dxc6 bxc6 28.Qa4 Nb8 29.c5 Rb7 30.Qc4 dxc5
31.Nxe5 Qd6 32.Nd3 Qd4 33.Qxd4+ cxd4 34.Na4 Na6 35.Rc1 Re8 36.hxg6 fxg6 37.a3 Rb3
38.g4 Rxe4 39.Rxc6 Rxg4+ 40.Kf1 Nb8 41.Rc8 Be7 42.Rc7 Kf8 43.Rf3+ Ke8 44.Rc8+ Bd8
45.Nac5 Rb6 46.Ne5 Rg5 47.Nf7 Rd5 48.Ne4 Ke7 49.Ned6 Nc6 50.Rxd8 Nxd8 51.Nc8+  1-0

[Event "City-ch"]
[Site "St Petersburg RUS"]
[Date "2003.04.24"]
[Round "9"]
[White "Popov,Val"]
[Black "Sergeev,Ve"]
[Result "1-0"]
[WhiteElo "2570"]
[BlackElo "2426"]

1.Nf3 Nf6 2.c4 g6 3.Nc3 Bg7 4.e4 d6 5.d4 O-O 6.Be2 e5 7.Be3 h6 8.O-O Ng4
9.Bc1 Nc6 10.d5 Ne7 11.Nd2 f5 12.Bxg4 fxg4 13.b4 g5 14.c5 Ng6 15.Nc4 Rf7
16.Be3 dxc5 17.bxc5 Nh4 18.Rb1 Qf6 19.Kh1 Qg6 20.Qd3 Kh7 21.a4 Nxg2 22.Kxg2 Rf3
23.Rh1 Qh5 24.Nd2 Bd7 25.Ne2 Qh3+ 26.Kg1 Rxf2 27.Kxf2 Rf8+ 28.Ke1 Bxa4 29.Rxb7 Qg2
30.Ng3  1-0

[Event "5th Open"]
[Site "Dubai UAE"]
[Date "2003.04.26"]
[Round "7"]
[White "Sargissian,G"]
[Black "Jobava,Ba"]
[Result "1/2-1/2"]
[WhiteElo "2572"]
[BlackElo "2566"]

1.d4 Nf6 2.c4 g6 3.Nc3 Bg7 4.e4 d6 5.Nf3 O-O 6.Be2 e5 7.O-O Na6 8.Re1 c6
9.Bf1 Bg4 10.d5 Nb4 11.Be2 a5 12.h3 Bd7 13.Bg5 h6 14.Be3 c5 15.Nh2 Nh7 16.a3 Na6
17.Qd2 Ng5 18.h4 Nh7 19.h5 Ng5 20.Bxg5 Qxg5 21.Qxg5 hxg5 22.hxg6 fxg6 23.Bg4 Bxg4
24.Nxg4 Kf7 25.Nb5 Ke7 26.g3 Kd7 27.Kg2 Rh8 28.Rh1 Rh5 29.Rad1 Nc7 30.Nxc7 Kxc7
31.a4 Rah8 32.Rhe1 Bf8 33.Re3 Be7 34.Rf3 R5h7 35.Re3 Bd8 36.Rb3 b6 37.Re3 Kd7
38.Ree1 Ke7 39.Rh1 Kf7 40.Rxh7+ Rxh7 41.Ne3 Be7 42.Kf3 Bf6 43.Kg4 Rh2 44.Rf1 Kg7
45.Nc2 Kf7 46.Ne1 Kg7 47.Nf3 Rh5 48.Rg1 Be7 49.Rg2 Rh1 50.Nxg5 Bxg5 51.Kxg5 Rh5+
52.Kg4 Rh1 53.f3 Rc1 54.Rh2 Rxc4 55.Kg5 Rxa4 56.Rh6 Rb4 57.Rxg6+ Kf7 58.Rxd6 Ke7
59.Rc6 a4 60.Kf5 Rxb2 61.Kxe5 Kd7 62.Rh6 a3 63.Rh7+ Kc8 64.Ra7 a2 65.d6 Kb8
66.Ra3 Rd2 67.Ke6 b5 68.d7 Kc7 69.Ra7+ Kc6 70.Ra6+ Kc7 71.Ra7+ Kc6 72.Ra6+ Kc7
73.Ra7+ Kc6 74.Ra6+  1/2-1/2

[Event "3rd OUCC Open"]
[Site "Oxford ENG"]
[Date "2003.04.26"]
[Round "2"]
[White "Moyse,N"]
[Black "Chakanyuka,C"]
[Result "1-0"]
[WhiteElo "2043"]
[BlackElo "2067"]

1.d4 Nf6 2.c4 g6 3.Nc3 Bg7 4.e4 d6 5.Nf3 O-O 6.Be2 e5 7.dxe5 dxe5 8.Qxd8 Rxd8
9.Bg5 c6 10.Nxe5 Re8 11.O-O-O Nxe4 12.Nxe4 Bxe5 13.Nd6 Bxd6 14.Rxd6 Na6 15.Be3 Bf5
16.a3 Be4 17.Rg1 c5 18.Bd3 Bc6 19.Bf4 Rad8 20.Rxd8 Rxd8 21.Kc2 f6 22.f3 Kf7
23.Re1 Rd7 24.h4 Nc7 25.h5 a6 26.hxg6+ hxg6 27.Rh1 Ne6 28.Be3 f5 29.Rh7+ Kf6
30.Rh6 Rg7 31.b4 b6 32.Kc3 Kf7 33.Rh8 Rg8 34.Rh7+ Rg7 35.Rh1 Kf6 36.Rb1 Rb7
37.b5 axb5 38.cxb5 Bd5 39.a4 Ra7 40.Ra1 g5 41.Bc4 Ke5 42.Bb3 f4 43.Bf2 Bxb3
44.Kxb3 Kd5 45.Rh1 Nd4+ 46.Bxd4 Kxd4 47.Rh6 Rb7 48.Rg6 Rb8 49.Rxg5 c4+ 50.Ka3 Re8
51.a5 bxa5 52.b6 Rb8 53.Rg6 Kc5  1-0

[Event "Generation"]
[Site "New York USA"]
[Date "2003.05.01"]
[Round "8"]
[White "Simutowe,A"]
[Black "Perelshteyn,E"]
[Result "1/2-1/2"]
[WhiteElo "2411"]
[BlackElo "2461"]

1.Nf3 Nf6 2.c4 g6 3.Nc3 Bg7 4.e4 d6 5.d4 O-O 6.Be2 Na6 7.O-O e5 8.Be3 Ng4
9.Bg5 Qe8 10.dxe5 dxe5 11.h3 f6 12.Bd2 Nh6 13.Be3 c6 14.Nd2 Qe7 15.a3 Nf7
16.b4 f5 17.f3 f4 18.Bf2 Bf6 19.c5 Nc7 20.Bc4 Be6 21.Qe2 Bh4 22.Bxh4 Qxh4
23.Rfd1 Rad8 24.Nb3 Bxc4 25.Qxc4 Rxd1+ 26.Rxd1 Rd8 27.Rxd8+ Qxd8 28.Na5 Qd2
29.Nxb7 Qe1+ 30.Kh2 Qg3+ 31.Kh1 Qe1+ 32.Kh2 Qg3+ 33.Kg1 Qe1+  1/2-1/2

[Event "Vedior Trophy"]
[Site "Milan ITA"]
[Date "2003.05.02"]
[Round "7"]
[White "Lanzani,M"]
[Black "Di Fonzo,V"]
[Result "1/2-1/2"]
[WhiteElo "2356"]
[BlackElo "2223"]

1.Nf3 Nf6 2.c4 g6 3.Nc3 Bg7 4.e4 d6 5.d4 O-O 6.Be2 e5 7.dxe5 dxe5 8.Qxd8 Rxd8
9.Bg5 Re8 10.Nd5 Nxd5 11.cxd5 c6 12.Bc4 cxd5 13.Bxd5 Na6 14.O-O-O Nc7 15.Bb3 Be6
16.Bxe6 Nxe6 17.Be3 Rad8 18.Rxd8 Rxd8 19.Rd1 Rxd1+ 20.Kxd1 a6 21.Kc2 Kf8
22.Kb3 Ke8 23.Ka4 Kd7 24.Ka5 Kc6 25.Ng5 Nxg5 26.Bxg5 f5 27.exf5  1/2-1/2

[Event "8th Cvitanovic Mem"]
[Site "Spilt CRO"]
[Date "2003.05.03"]
[Round "6"]
[White "Dumpor,A"]
[Black "Horvath,Cs"]
[Result "0-1"]
[WhiteElo "2394"]
[BlackElo "2510"]

1.c4 g6 2.Nc3 Bg7 3.d4 Nf6 4.e4 d6 5.Nf3 O-O 6.Be2 Na6 7.O-O e5 8.Be3 Ng4
9.Bg5 Qe8 10.h3 h6 11.Bh4 Nf6 12.dxe5 dxe5 13.Qd2 Nh5 14.Nd5 c6 15.Ne7+ Kh7
16.Nxc8 Rxc8 17.Nh2 Nf4 18.Bg4 f5 19.Bf3 Nc5 20.Rfe1 Rc7 21.exf5 gxf5 22.b4 Rd7
23.Qc2 Ncd3 24.Re3 e4 25.Rb1 Qg6 26.Bg3 Bd4 27.Bxf4 Nxf4 28.Rxe4 fxe4 29.Bxe4 Nxh3+
30.Kf1 Rxf2+ 31.Qxf2 Qxe4  0-1

[Event "Riviera IM"]
[Site "Opatija CRO"]
[Date "2003.05.04"]
[Round "4"]
[White "Rezan,S"]
[Black "Makaj,M"]
[Result "1-0"]
[WhiteElo "2391"]
[BlackElo "2153"]

1.d4 Nf6 2.Nf3 g6 3.c4 Bg7 4.Nc3 O-O 5.e4 d6 6.Be2 e5 7.Be3 exd4 8.Nxd4 Re8
9.f3 c6 10.Qd2 d5 11.exd5 cxd5 12.O-O dxc4 13.Bxc4 Rxe3 14.Qxe3 Ng4 15.Bxf7+ Kh8
16.Ne6 Nxe3 17.Nxd8 Nxf1 18.Kxf1 Nc6 19.Nxc6 bxc6 20.Bc4 h5 21.Rd1 Bf5 22.Bd3 Bxc3
23.bxc3 Bxd3+ 24.Rxd3 Rb8 25.Rd6 h4 26.Rxg6 Rb2 27.Rh6+ Kg7 28.Rxh4 Rxa2
29.Rc4 Ra6 30.Kf2 Kf6 31.h4 Ke5 32.h5 Kd5 33.Rh4 Rb6 34.h6 Rb8 35.h7 Rh8
36.Ke3 a5 37.Kd3 a4 38.Rh5+  1-0

[Event "FSIMA May"]
[Site "Budapest HUN"]
[Date "2003.05.06"]
[Round "4"]
[White "Galyas,M"]
[Black "Dencsi,T"]
[Result "0-1"]
[WhiteElo "2413"]
[BlackElo "2245"]

1.d4 Nf6 2.c4 g6 3.Nc3 Bg7 4.e4 d6 5.Nf3 O-O 6.Be2 e5 7.O-O exd4 8.Nxd4 Re8
9.f3 c6 10.Kh1 Nh5 11.g4 Nf6 12.Bf4 h5 13.g5 Nh7 14.Rg1 Na6 15.Qd2 Qe7 16.Rad1 Bh3
17.Nb3 Be5 18.Be3 Nc5 19.Nxc5 dxc5 20.Bd3 Rad8 21.Qf2 b6 22.Ne2 Nf8 23.b3 Bc8
24.Bc2 Bg7 25.f4 Bg4 26.e5 Rxd1 27.Bxd1 Bxe5 28.fxe5 Qxe5 29.Rg3 Qe4+ 30.Kg1 Qd3
31.Nc3 Qxc3 32.Bxg4 hxg4 33.h3 gxh3 34.Rxh3 Re4 35.Qf3 Qa1+ 36.Kg2 Qxa2+
37.Kg3 Re6  0-1

[Event "National I"]
[Site "Clermont-Ferrand FRA"]
[Date "2003.05.08"]
[Round "8"]
[White "Sulava,N"]
[Black "Geenen,M"]
[Result "1-0"]
[WhiteElo "2516"]
[BlackElo "2345"]

1.Nf3 Nf6 2.c4 g6 3.Nc3 Bg7 4.e4 d6 5.d4 O-O 6.Be2 e5 7.O-O Nbd7 8.Be3 Ng4
9.Bg5 Bf6 10.Bc1 Bg7 11.h3 Ngf6 12.Be3 exd4 13.Nxd4 Re8 14.Qc2 Qe7 15.Rfe1 Nc5
16.Bf3 a5 17.Rad1 c6 18.Bg5 Qf8 19.Bf4 Nfd7 20.Ndb5 Be5 21.Bxe5 Nxe5 22.Nxd6 Rd8
23.Nxc8 Raxc8 24.Be2 Ne6 25.Bg4 Nxc4 26.Bxe6 fxe6 27.e5 Rxd1 28.Qxd1 Rd8
29.Qg4 Rd2 30.Ne4 Rc2 31.Nf6+ Kh8 32.Qh4 Qe7 33.Qe4 Qb4 34.Rd1 Rd2 35.Rxd2 Qxd2
36.Qxc4 Qe1+ 37.Qf1 Qxe5 38.Ng4 Qxb2 39.Qd1 Kg7 40.Qd7+ Kf8 41.Qxe6 Qc1+
42.Kh2 Qf4+ 43.g3 Qf7 44.Qd6+ Qe7 45.Qd4  1-0

[Event "Capablanca Mem Mixto"]
[Site "Havana CUB"]
[Date "2003.05.08"]
[Round "3"]
[White "Pazos Gambarrotti,P"]
[Black "Pina,S"]
[Result "1/2-1/2"]
[WhiteElo "2393"]
[BlackElo "2291"]

1.d4 Nf6 2.Nf3 d6 3.c4 g6 4.Nc3 Bg7 5.e4 O-O 6.Be2 Nbd7 7.O-O e5 8.Re1 c6
9.Bf1 a6 10.b3 b5 11.Bb2 b4 12.Na4 exd4 13.Qxd4 Ne8 14.Qd2 a5 15.Bxg7 Kxg7
16.e5 Qc7 17.exd6 Qxd6 18.Qxd6 Nxd6 19.Rad1 Nb7 20.Nd4 c5 21.Nb5 Nf6 22.Nd6 Nxd6
23.Rxd6 Bf5 24.f3 Rac8 25.g4 Be6 26.Re5 Nd7 27.Rexe6 fxe6 28.Rxd7+ Rf7 29.Rd3 g5
30.Kf2 Kf6 31.Ke3 Ke5 32.Rd2 Rcc7 33.Rd8 Rfd7 34.Ra8 Rd1 35.Bd3 Ra1 36.Rxa5 Rxa2
37.Rb5 Kd6 38.Be4 Ra3 39.Rb6+ Ke5 40.Bc2 Ra2 41.Kd2 Ra1 42.Nb2 Rh1 43.Ke3 Rxh2
44.Bf5 Kf6 45.Nd3 h5 46.Rxe6+ Kf7 47.Ne5+ Kf8 48.gxh5 Rxh5 49.Nd3 Rh2 50.Be4 Re7
51.Rg6 Rh5 52.Nxc5 g4 53.Kd4 gxf3 54.Bxf3 Rh3 55.Bd5 Ree3 56.Rb6 Re1 57.Rxb4 Rd1+
58.Ke5 Kg7 59.Rb7+ Kh6 60.Be4 Rh5+ 61.Kf4 Rf1+ 62.Ke3 Rxc5 63.Kd4 Rc8 64.Rb6+ Kg5
65.b4 Rd1+ 66.Kc3 Kf4 67.Bc2 Rg1 68.c5 Ke5 69.Rh6 Rg3+ 70.Kc4 Rg4+ 71.Kb5 Kd4
72.Bf5 Rb8+ 73.Rb6 Rxb6+ 74.Kxb6 Rg5 75.Bd7 Kc4  1/2-1/2

[Event "National I"]
[Site "Clermont-Ferrand FRA"]
[Date "2003.05.10"]
[Round "10"]
[White "Marcelin,C"]
[Black "Movsesian,S"]
[Result "0-1"]
[WhiteElo "2503"]
[BlackElo "2659"]

1.d4 Nf6 2.c4 g6 3.Nc3 Bg7 4.e4 d6 5.Nf3 O-O 6.Be2 Na6 7.O-O e5 8.Be3 Ng4
9.Bg5 Qe8 10.dxe5 dxe5 11.h3 f6 12.Bd2 Nh6 13.Be3 Nf7 14.c5 c6 15.Bxa6 bxa6
16.Re1 Rb8 17.Nd2 Be6 18.Qa4 f5 19.exf5 gxf5 20.f4 Rxb2 21.Rab1 Rxb1 22.Ncxb1 Qd7
23.Nf3 Bd5 24.Nxe5 Nxe5 25.fxe5 Bxe5 26.Bf4 Bf6 27.Re3 Kh8 28.Nc3 Rg8 29.g3 Bf7
30.Ne2 Qd5 31.Qc2 Re8 32.Rxe8+ Bxe8 33.Be3 Bf7 34.a3 Qf3 35.Bd4 Bxd4+ 36.Nxd4 Qxg3+
37.Qg2 Qxa3 38.Kh2 Qxc5 39.Nxc6 Qd6+ 40.Kg1 Bd5 41.Qb2+ Kg8 42.Ne5 Qb6+  0-1

[Event "FSIMA May"]
[Site "Budapest HUN"]
[Date "2003.05.15"]
[Round "13"]
[White "Vigorito,D"]
[Black "Kouvatsou,M"]
[Result "1-0"]
[WhiteElo "2298"]
[BlackElo "2233"]

1.d4 Nf6 2.c4 g6 3.Nc3 Bg7 4.e4 d6 5.Nf3 O-O 6.Be2 e5 7.d5 Na6 8.Nd2 c5 9.a3 h5
10.h4 Ng4 11.Nf3 Bh6 12.Ng5 f6 13.Ne6 Bxe6 14.dxe6 Bxc1 15.Qxc1 Kh7 16.f4 f5
17.Nd5 Qc8 18.Bxg4 fxg4 19.f5 gxf5 20.exf5 Rxf5 21.Qc2 Qxe6 22.Ne3 Rf8 23.Rf1 e4
24.Nxf5 Rxf5 25.Rxf5 Qxf5 26.O-O-O Nb8 27.Re1 Nc6 28.Qxe4 Qxe4 29.Rxe4 Ne5
30.Kc2 Kg6 31.Rf4 a6 32.Kc3 Nc6 33.b4 Nd4 34.Rxd4 cxd4+ 35.Kxd4 Kf5 36.g3 Ke6
37.a4 Ke7 38.Kd5 Kd7 39.c5 dxc5 40.Kxc5 Kc7 41.Kd5 Kb6 42.Kd6 Ka7 43.Kc7 Ka8
44.a5 Ka7 45.Kd6 Kb8 46.Kd7 Ka7 47.Ke6 b6 48.Kf5 Kb7 49.Kg5  1-0

[Event "ch-EST"]
[Site "Tallinn EST"]
[Date "2003.05.17"]
[Round "1.2"]
[White "Korchagin,O"]
[Black "Kuusk,A"]
[Result "0-1"]
[WhiteElo "2171"]
[BlackElo "2107"]

1.d4 Nf6 2.c4 g6 3.Nc3 Bg7 4.e4 d6 5.Nf3 O-O 6.Be2 Nbd7 7.O-O e5 8.Be3 a6
9.dxe5 dxe5 10.Nd2 c6 11.c5 Qe7 12.b4 Ne8 13.Nc4 f5 14.Qb3 Kh8 15.exf5 gxf5
16.f4 e4 17.Rad1 Ndf6 18.Ne5 Be6 19.Bc4 Bxc4 20.Qxc4 Nc7 21.Rd6 Ncd5 22.Bd4 Rad8
23.Ne2 Ne8 24.Rxd8 Qxd8 25.Ng3 Kg8 26.a4 Nc7 27.Ne2 Qe7 28.Rb1 Kh8 29.Rb3 Nxf4
30.Nxf4 Bxe5 31.Rh3 Bxd4+ 32.Qxd4+ Qf6 33.Qd7 Qg7 34.Qd6 Rg8 35.Rh6 Qa1+
36.Kf2 Qb2+ 37.Kf1 Nd5 38.Nxd5 Qxg2+ 39.Ke1 Qg1+ 40.Kd2 Qd4+ 41.Kc2 Rg2+
42.Kb3 Qb2+ 43.Kc4 Rc2+  0-1